[Event "Queima das Fitas op"]
[Site "Coimbra"]
[Date "2024.04.28"]
[Round "6"]
[White "Povshednyi, Ivan"]
[Black "Meira, Joao Pedro Pires"]
[Result "1-0"]
[WhiteElo "2249"]
[BlackElo "1967"]
[PlyCount "133"]
[EventDate "2024.04.25"]
[EventType "swiss"]
[EventRounds "7"]
[EventCountry "POR"]
[SourceTitle "CB18_2024"]
[SourceDate "2024.05.01"]
[SourceVersion "1"]
[SourceVersionDate "2024.05.01"]
[SourceQuality "2"]

1. c4 e6 2. Nf3 f5 3. g3 b6 4. Bg2 Bb7 5. a3 Be7 6. Nc3 Nf6 7. b4 Ne4 8. Bb2 Bf6 9. Qc2 Ng5 10. 0-0 Nxf3+ 11. exf3 Nc6 12. Ne2 Bxb2 13. Qxb2 Qf6 14. Qxf6 gxf6 15. d4 0-0-0 16. f4 Ne7 17. Nc3 Bxg2 18. Kxg2 d5 19. Rfe1 Kd7 20. Rad1 c6 21. c5 b5 22. a4 a6 23. Ra1 Ra8 24. Re2 Rhe8 25. Rea2 Reb8 26. Kf1 Rb7 27. Re1 Re8 28. axb5 axb5 29. Ra6 h5 30. h4 Ng6 31. Rea1 Reb8 32. Re1 Re8 33. Re2 Nh8 34. Nxd5 exd5 35. Rxe8 Kxe8 36. Ra8+ Kf7 37. Rxh8 Re7 38. Rc8 Re6 39. f3 Kg7 40. Kf2 Kg6 41. Rc7 Kh6 42. Kg1 Kg6 43. Kf1 Kh6 44. Rd7 Kg6 45. Kf2 Re8 46. Rd6 Rc8 47. Ke3 Re8+ 48. Kf2 Rc8 49. Kg2 Kf7 50. g4 fxg4 51. fxg4 Rg8 52. g5 fxg5 53. hxg5 Re8 54. Rxc6 Re4 55. Kf3 Rxd4 56. f5 Rg4 57. Rc7+ Kf8 58. g6 Rg1 59. Kf4 d4 60. Rd7 Rg4+ 61. Ke5 h4 62. c6 Ke8 63. Rh7 d3 64. Kf6 Kd8 65. Rd7+ Kc8 66. Rxd3 Kc7 67. g7 1-0

[Event "Queima das Fitas op"]
[Site "Coimbra"]
[Date "2024.04.27"]
[Round "5"]
[White "Meira, Joao Pedro Pires"]
[Black "Guerra, Jose Antonio Goular"]
[Result "1-0"]
[WhiteElo "1967"]
[BlackElo "1813"]
[PlyCount "109"]
[EventDate "2024.04.25"]
[EventType "swiss"]
[EventRounds "7"]
[EventCountry "POR"]
[SourceTitle "CB18_2024"]
[SourceDate "2024.05.01"]
[SourceVersion "1"]
[SourceVersionDate "2024.05.01"]
[SourceQuality "2"]

1. d4 Nf6 2. Nf3 b6 3. e3 e6 4. Bd3 c5 5. 0-0 Be7 6. dxc5 bxc5 7. b3 0-0 8. Bb2 d5 9. Nbd2 Ba6 10. Qe2 Bxd3 11. cxd3 Nbd7 12. e4 h6 13. Rfe1 Re8 14. exd5 exd5 15. d4 Qa5 16. Qd3 Bd6 17. a3 Qb6 18. dxc5 Bxc5 19. Bd4 a5 20. h3 Rab8 21. Rxe8+ Rxe8 22. Rc1 Bxd4 23. Qxd4 Qd6 24. b4 axb4 25. axb4 Rb8 26. Rb1 Rb5 27. Nc4 Qa6 28. Ne3 Rb8 29. g3 Nb6 30. Ne5 Qe2 31. Nd3 Qf3 32. Ne5 Qe2 33. Rb2 Qe1+ 34. Kg2 Qa1 35. Nd3 Na4 36. Nc2 Qd1 37. Ra2 Nb6 38. Ne3 Qb3 39. Ra7 Nc4 40. Nf5 Qd1 41. Nxh6+ Kh7 42. Nxf7 Re8 43. Ng5+ Kg8 44. Ra1 Qd2 45. Nf3 Qe2 46. Ng1 Qd2 47. Kh2 Ne3 48. Nf3 Qc2 49. Re1 Ne4 50. Qxd5+ Kf8 51. Rxe3 Nxf2 52. Rxe8+ Kxe8 53. Nxf2 Qxf2+ 54. Kh1 Qxg3 55. Qe5+ 1-0

[Event "Monsaraz Rapid op"]
[Site "Monsaraz"]
[Date "2023.11.25"]
[Round "9"]
[White "Spraggett, Kevin"]
[Black "Meira, Joao Pedro Pires"]
[Result "1-0"]
[WhiteElo "2480"]
[BlackElo "1956"]
[PlyCount "57"]
[EventDate "2023.11.25"]
[EventType "swiss (rapid)"]
[EventRounds "9"]
[EventCountry "POR"]
[SourceTitle "CB48_2023"]
[SourceDate "2023.11.29"]
[SourceVersion "1"]
[SourceVersionDate "2023.11.29"]
[SourceQuality "1"]

1. d4 d5 2. c4 c6 3. Nf3 Nf6 4. e3 e6 5. Bd3 Nbd7 6. 0-0 dxc4 7. Bxc4 b5 8. Bd3 Bb7 9. e4 a6 10. e5 Nd5 11. a4 b4 12. Bg5 Be7 13. Bxe7 Qxe7 14. Nbd2 c5 15. Nc4 0-0 16. Nd6 Rfb8 17. dxc5 h6 18. Nxb7 Nxe5 19. Nxe5 Rxb7 20. Rc1 Rc7 21. Qf3 Raa7 22. c6 Qd6 23. Qg3 f6 24. Nd7 Nf4 25. Rfd1 Rxc6 26. Nxf6+ Kh8 27. Rxc6 Qxc6 28. Qxf4 gxf6 29. Qb8+ 1-0

[Event "Lisbon Odisseias rapid op 1st"]
[Site "Lisbon"]
[Date "2015.08.12"]
[Round "6"]
[White "Pires, Emanuel Joao Robart"]
[Black "Meira, Joao Pedro Pires"]
[Result "1-0"]
[WhiteElo "2101"]
[BlackElo "1909"]
[PlyCount "67"]
[EventDate "2015.08.13"]
[EventType "swiss (rapid)"]
[EventRounds "7"]
[EventCountry "POR"]
[SourceTitle "EXT 2018"]
[Source "ChessBase"]
[SourceDate "2017.10.13"]
[SourceVersion "1"]
[SourceVersionDate "2017.10.13"]
[SourceQuality "1"]

1. g3 Nf6 2. Bg2 g6 3. c4 Bg7 4. Nf3 0-0 5. Nc3 c5 6. b3 Nc6 7. Bb2 d5 8. Nxd5 Nxd5 9. Bxg7 Kxg7 10. cxd5 Qxd5 11. 0-0 Rd8 12. Rc1 Nb4 13. d4 cxd4 14. Rc4 Nc6 15. Nxd4 Qd6 16. Bxc6 bxc6 17. Qa1 Kg8 18. Nxc6 Rd7 19. Rfc1 Ba6 20. Rd4 Qe6 21. Rxd7 Qxd7 22. Qe5 e6 23. Qf6 Bb7 24. Ne5 Qd2 25. Qxf7+ Kh8 26. Qf6+ Kg8 27. Qxe6+ Kh8 28. Qf6+ Kg8 29. Rf1 Rf8 30. Qe6+ Kh8 31. Qe7 Rb8 32. Qf6+ Kg8 33. Ng4 Qd5 34. Nh6# 1-0

[Event "POR-ch U18"]
[Site "Luso"]
[Date "2014.07.27"]
[Round "7"]
[White "Correia, Jorge Paulo Cardoso"]
[Black "Meira, Joao Pedro Pires"]
[Result "0-1"]
[WhiteElo "1754"]
[BlackElo "1932"]
[PlyCount "74"]
[EventDate "2014.07.23"]
[EventType "swiss"]
[EventRounds "7"]
[EventCountry "POR"]
[SourceTitle "EXT 2015"]
[Source "ChessBase"]
[SourceDate "2014.11.20"]
[SourceVersion "1"]
[SourceVersionDate "2014.11.20"]
[SourceQuality "1"]

1. c4 Nf6 2. Nc3 g6 3. d4 d5 4. g3 Bg7 5. cxd5 Nxd5 6. e4 Nxc3 7. bxc3 c5 8. Be3 0-0 9. Bg2 Qa5 10. Qd2 cxd4 11. cxd4 Qxd2+ 12. Kxd2 Rd8 13. Ne2 Nc6 14. d5 Bxa1 15. Rxa1 Ne5 16. Bd4 Nc4+ 17. Kc2 b6 18. Nc3 Ba6 19. a4 Rac8 20. Bh3 Rc7 21. f4 Na5 22. Be5 Rb7 23. Rd1 Bc4 24. Kb2 Nb3 25. d6 exd6 26. Bf6 Rf8 27. Rxd6 Nc5 28. e5 Be6 29. Bxe6 fxe6 30. Nb5 Nxa4+ 31. Ka3 Nc5 32. Nd4 Rd7 33. Rxd7 Nxd7 34. Nxe6 Nxf6 35. Nxf8 Kxf8 36. exf6 Kf7 37. f5 gxf5 0-1

[Event "POR-ch U18"]
[Site "Luso"]
[Date "2014.07.24"]
[Round "3"]
[White "Leao, Tiago Miguel da S"]
[Black "Meira, Joao Pedro Pires"]
[Result "0-1"]
[WhiteElo "1746"]
[BlackElo "1932"]
[PlyCount "118"]
[EventDate "2014.07.23"]
[EventType "swiss"]
[EventRounds "7"]
[EventCountry "POR"]
[SourceTitle "EXT 2015"]
[Source "ChessBase"]
[SourceDate "2014.11.20"]
[SourceVersion "1"]
[SourceVersionDate "2014.11.20"]
[SourceQuality "1"]

1. e4 e6 2. d4 d5 3. Nd2 dxe4 4. Nxe4 Nd7 5. Nf3 Ngf6 6. Nxf6+ Nxf6 7. Bd3 b6 8. 0-0 Bb7 9. Qe2 Be7 10. c3 0-0 11. Bg5 a5 12. Bxf6 Bxf6 13. Be4 c6 14. Ne5 Bxe5 15. dxe5 Ba6 16. c4 Qd4 17. b3 Rac8 18. Rfd1 Qc3 19. Rac1 Qb4 20. Qd3 g6 21. Qd6 c5 22. Qd7 a4 23. Qa7 Qa5 24. Rd7 Rcd8 25. Rcd1 Rxd7 26. Qxd7 axb3 27. axb3 Qc3 28. Qa4 Bc8 29. Bf3 Qxe5 30. Qc6 Qb8 31. Rd6 Bb7 32. Qxb6 Bxf3 33. gxf3 Qxb6 34. Rxb6 Kg7 35. Rb5 Rc8 36. f4 Kf6 37. Kg2 Kf5 38. Kf3 Kf6 39. Ke4 Rc7 40. Ke3 Ke7 41. Rb6 Kd7 42. Rb5 Kc6 43. Ke4 f6 44. Rb8 Rb7 45. Rf8 Rxb3 46. Rxf6 Kd6 47. Rf7 Rh3 48. Ra7 Rxh2 49. Ke3 Rh3+ 50. f3 Rh5 51. Ra6+ Ke7 52. Ra7+ Kf6 53. Rc7 h6 54. Ke4 Rf5 55. Rh7 h5 56. Ra7 h4 57. Ra1 h3 58. Rh1 Rh5 59. Rh2 Rh4 0-1

[Event "POR-ch U16"]
[Site "Torres Vedras"]
[Date "2012.03.25"]
[Round "1.4"]
[White "Fernandes, Diogo Sousa Costa"]
[Black "Meira, Joao Pedro Pires"]
[Result "0-1"]
[WhiteElo "1459"]
[BlackElo "1932"]
[PlyCount "104"]
[EventDate "2012.03.25"]
[EventType "swiss"]
[EventRounds "7"]
[EventCountry "POR"]
[SourceTitle "EXT 2015"]
[Source "ChessBase"]
[SourceDate "2014.11.20"]
[SourceVersion "1"]
[SourceVersionDate "2014.11.20"]
[SourceQuality "1"]

1. c4 Nf6 2. d3 e5 3. g3 Nc6 4. Nf3 Bb4+ 5. Nc3 d5 6. cxd5 Nxd5 7. Bd2 Nxc3 8. Bxc3 Bxc3+ 9. bxc3 Be6 10. Bg2 0-0 11. 0-0 Rb8 12. Qd2 f6 13. Rab1 Qd7 14. Rb2 Ne7 15. Rfb1 c5 16. c4 b6 17. Ne1 Rfd8 18. Qc3 Bg4 19. Qb3 Nc6 20. Qb5 Rbc8 21. Rd2 Qd6 22. Nc2 Nd4 23. Nxd4 exd4 24. Qa6 Rc7 25. a4 Re7 26. f3 Bc8 27. Qb5 Bd7 28. Qa6 Bc6 29. a5 bxa5 30. Qxa5 Rde8 31. Kf2 Qe5 32. Ke1 Qe3 33. Kf1 Re5 34. f4 Bxg2+ 35. Kxg2 Qxd2 36. Qxd2 Rxe2+ 37. Qxe2 Rxe2+ 38. Kh3 Re7 39. Rb5 Rc7 40. Kg4 Kf7 41. Kf5 Ke7 42. Ke4 Kd6 43. h3 Kc6 44. g4 a6 45. Rb1 g6 46. h4 Re7+ 47. Kf3 Re3+ 48. Kf2 Rxd3 49. Rc1 Rh3 50. g5 Rxh4 51. Kg3 fxg5 52. fxg5 Re4 0-1

[Event "POR-ch U16"]
[Site "Torres Vedras"]
[Date "2011.04.12"]
[Round "4"]
[White "Alves, Tiago Marques"]
[Black "Meira, Joao Pedro Pires"]
[Result "0-1"]
[WhiteElo "1430"]
[BlackElo "1908"]
[PlyCount "90"]
[EventDate "2011.03.28"]
[EventType "swiss"]
[EventRounds "7"]
[EventCountry "POR"]
[SourceTitle "EXT 2015"]
[Source "ChessBase"]
[SourceDate "2014.11.20"]
[SourceVersion "1"]
[SourceVersionDate "2014.11.20"]
[SourceQuality "1"]

1. e4 e6 2. d4 d5 3. Nc3 Nf6 4. Bg5 Be7 5. e5 Nfd7 6. Bxe7 Qxe7 7. f4 a6 8. Qg4 0-0 9. Bd3 f5 10. Qh3 c5 11. Nf3 cxd4 12. Nxd4 Nc5 13. 0-0-0 Nc6 14. Nb3 Nxb3+ 15. axb3 Bd7 16. g4 Qb4 17. Rdf1 d4 18. Na2 Qe7 19. Rhg1 a5 20. gxf5 exf5 21. Rg5 Nxe5 22. Bxf5 Rxf5 23. Rxf5 Ng6 24. Qd3 Bxf5 25. Qxf5 a4 26. Qd5+ Kh8 27. Qxd4 axb3 28. Nc3 Ra1+ 29. Nb1 bxc2 30. Kxc2 Qc7+ 31. Qc3 Qxc3+ 32. bxc3 Ra2+ 33. Kd3 Rxh2 34. Ke4 Re2+ 35. Kd5 h5 36. Na3 h4 37. Nc4 h3 38. Ne5 Nxe5 39. fxe5 g5 40. Kd6 g4 41. e6 g3 42. e7 g2 43. Rf8+ Kg7 44. e8Q Rxe8 45. Rxe8 g1Q 0-1

[Event "POR-ch U16"]
[Site "Torres Vedras"]
[Date "2011.04.12"]
[Round "6"]
[White "Oliveira, Maria Ines"]
[Black "Meira, Joao Pedro Pires"]
[Result "1/2-1/2"]
[WhiteElo "1828"]
[BlackElo "1908"]
[PlyCount "140"]
[EventDate "2011.03.28"]
[EventType "swiss"]
[EventRounds "7"]
[EventCountry "POR"]
[SourceTitle "EXT 2015"]
[Source "ChessBase"]
[SourceDate "2014.11.20"]
[SourceVersion "1"]
[SourceVersionDate "2014.11.20"]
[SourceQuality "1"]

1. e4 e6 2. d4 d5 3. Nc3 Bb4 4. e5 c5 5. a3 Bxc3+ 6. bxc3 Qa5 7. Bd2 Qa4 8. Qb1 c4 9. Ne2 Nc6 10. g3 Nge7 11. Nf4 Bd7 12. Bg2 0-0-0 13. 0-0 Kb8 14. Ne2 h6 15. f4 Rdg8 16. Qc1 f5 17. Rb1 Nc8 18. h4 Nb6 19. Qb2 Ka8 20. Bf3 Nb8 21. Qc1 Na6 22. Ra1 Bc6 23. Rb1 Qa5 24. Ra1 Na4 25. Kg2 Qd8 26. Rh1 g6 27. Rb1 Nb8 28. Ra1 b5 29. Qe1 a5 30. Qb1 Bd7 31. Qe1 Ka7 32. Qf2 Ka6 33. Rhb1 Qe7 34. Rh1 Nc6 35. Ra2 Nd8 36. Ng1 Nf7 37. Nh3 Rh7 38. Raa1 Rhg7 39. Ra2 Bc6 40. Qe2 Rb8 41. Rha1 Rb7 42. Qf2 Ka7 43. Qe1 Kb8 44. Rb1 Kc8 45. Rba1 Kd7 46. Rb1 Ke8 47. Rba1 Kf8 48. Rb1 Kg8 49. Rba1 Kh8 50. Rb1 Rg8 51. Rba1 Rgb8 52. Be2 Be8 53. Kh2 h5 54. Ng1 Nd8 55. Bf3 Nc6 56. Ne2 Nb6 57. Rb2 Nd8 58. Rba2 Nf7 59. Rb2 Nh6 60. Kg2 Nc8 61. Rba2 Na7 62. Rb2 Nc6 63. Kf2 Qc7 64. Rab1 Ne7 65. Kg2 Neg8 66. Ra2 Qe7 67. Kf2 Ng4+ 68. Kg2 N8h6 69. Qg1 Bc6 70. Qe1 Bd7 1/2-1/2

[Event "Lisbon Belen op 3rd"]
[Site "Lisbon"]
[Date "2007.02.23"]
[Round "5"]
[White "Bravo, Ricardo Antonio Rod"]
[Black "Meira, Joao Pedro Pires"]
[Result "1-0"]
[WhiteElo "1723"]
[BlackElo "1444"]
[PlyCount "97"]
[EventDate "2007.02.15"]
[EventType "swiss"]
[EventRounds "7"]
[EventCountry "POR"]
[SourceTitle "EXT 2022"]
[Source "ChessBase"]
[SourceDate "2021.10.06"]
[SourceVersion "1"]
[SourceVersionDate "2021.10.06"]
[SourceQuality "1"]

1. d4 d5 2. c4 e6 3. Nc3 Bb4 4. Qa4+ Nc6 5. cxd5 Bxc3+ 6. bxc3 exd5 7. Nf3 Nge7 8. Ne5 0-0 9. Ba3 Nxe5 10. dxe5 Re8 11. f4 Nf5 12. e4 Bd7 13. Qc2 dxe4 14. Qxe4 Qh4+ 15. g3 Qh6 16. Bc4 Nd6 17. Qd4 Nxc4 18. Qxc4 Qc6 19. Qxc6 Bxc6 20. 0-0 Rad8 21. Rfd1 h6 22. Rd4 Bf3 23. Kf2 Bh5 24. h3 Rxd4 25. cxd4 Rd8 26. Ke3 Rd7 27. g4 Bg6 28. f5 Bh7 29. Rd1 c6 30. Bd6 f6 31. Ke4 g6 32. Rg1 g5 33. Bb8 fxe5 34. dxe5 a5 35. Bd6 b5 36. a3 Rd8 37. Rc1 Rc8 38. e6 Kg7 39. Ke5 Bg8 40. f6+ Kg6 41. Rf1 Bxe6 42. Kxe6 Re8+ 43. Be7 b4 44. axb4 axb4 45. f7 Ra8 46. f8Q Rxf8 47. Bxf8 b3 48. Rf6+ Kh7 49. Kf7 1-0

[Event "Lisbon Belen op 3rd"]
[Site "Lisbon"]
[Date "2007.02.15"]
[Round "1"]
[White "Curado, Manuel Joao Ferro"]
[Black "Meira, Joao Pedro Pires"]
[Result "1-0"]
[WhiteElo "1897"]
[BlackElo "1444"]
[PlyCount "91"]
[EventDate "2007.02.15"]
[EventType "swiss"]
[EventRounds "7"]
[EventCountry "POR"]
[SourceTitle "EXT 2022"]
[Source "ChessBase"]
[SourceDate "2021.10.06"]
[SourceVersion "1"]
[SourceVersionDate "2021.10.06"]
[SourceQuality "1"]

1. e4 c5 2. Nf3 Nc6 3. d4 cxd4 4. Nxd4 e5 5. Nb5 Nf6 6. N1c3 h6 7. Nd6+ Bxd6 8. Qxd6 Qe7 9. Qxe7+ Nxe7 10. f4 d6 11. Nb5 Kd7 12. fxe5 dxe5 13. Be3 Ne8 14. 0-0-0+ Ke6 15. Bc4+ Kf6 16. Rhf1+ Kg6 17. Bxf7+ Kh7 18. Bxe8 a6 19. Nc7 Bg4 20. Nxa8 Rxe8 21. Nc7 Rc8 22. Nd5 Bxd1 23. Nxe7 Re8 24. Nd5 Be2 25. Rf7 Rb8 26. Bc5 Kg6 27. Re7 Bg4 28. Bd6 Rd8 29. Bxe5 Rd7 30. h3 Rxe7 31. Nxe7+ Kf7 32. hxg4 Kxe7 33. Kd2 Kf7 34. Ke3 g6 35. Kd4 Ke6 36. Bg7 h5 37. gxh5 gxh5 38. c4 Kf7 39. Ke5 h4 40. Kd6 Kxg7 41. e5 Kf7 42. Kd7 Kg6 43. e6 Kg5 44. e7 Kg4 45. e8Q Kg3 46. Qe4 1-0